| 000 | 01940ngm a2200433Ia 4500 | ||
|---|---|---|---|
| 003 | data | ||
| 005 | 20260322212038.0 | ||
| 007 | data | ||
| 008 | data | ||
| 020 | _a0792169123 | ||
| 020 | _a0792169182 (set) | ||
| 020 | _a9780792169123 | ||
| 020 | _a9780792169185 (set) | ||
| 028 | 4 | 1 | _a15611 |
| 028 | 4 | 1 | _a15614 (set) |
| 040 |
_aOMI _cOMI |
||
| 049 | _aONUU | ||
| 245 | 1 | 0 |
_aIt's the Great Pumpkin, Charlie Brown _h[videorecording] / _cParamount Pictures Corporation & United Features Syndicate. |
| 246 | 3 | 0 | _aYou're not elected, Charlie Brown. |
| 260 |
_aHollywood, Calif. : _bParamount, _c2000. |
||
| 300 |
_a1 videodisc (50 min.) : _bdigital, sd., col. ; _c4 3/4 in. |
||
| 440 | 0 | _aPeanuts classic holiday collection. | |
| 500 | _aVideodisc release of the 1966 United Features Syndicate production. | ||
| 505 | 0 | _aIt's the Great Pumpkin, Charlie Brown (25 min.) -- (Bonus feature) You're not elected, Charlie Brown (25 min.) | |
| 508 | _aWritten and created by Charles M. Schulz; produced by Lee Mendelson, Bill Melendez; directed by Bill Melendez; composer/performer, Vince Guaraldi ; arranger/conductor, John Scott Trotter. | ||
| 511 | 0 | _aVoices: Peter Robbins (Charlie Brown), Chris Shea (Linus), Sally Dryer (Lucy), Cathy Steinberg (Sally) | |
| 520 | _aIt's Halloween, and all of the high spirited Peanuts gang are off on their respective "scare-raising" adventures. | ||
| 521 | _aFor children of all ages. | ||
| 538 | _aDVD ; dolby digital ; standard version ; interactive menusm; scene selection. | ||
| 546 | _aEnglish subtitles. | ||
| 650 | 0 |
_aBrown, Charlie (Fictitious character) _xJuvenile films. |
|
| 650 | 0 |
_aHalloween _xJuvenile films. |
|
| 650 | 0 |
_aElections _xJuvenile films. |
|
| 650 | 0 | _aAnimated films. | |
| 710 | 2 | _aUnited Features Syndicate. | |
| 720 | 2 | _aParamount Pictures Corporation. | |
| 856 | 4 | 2 |
_3Reviews _uhttp://www.mrqe.com/lookup?its+the+great+pumpkin _zRead a Review |
| 001 | data | ||
| 999 |
_c881 _d881 |
||